000 00657nam a2200265Ia 4500
005 20260121165829.0
008 008 260114s9999 xx 000 0 eng d
020 _a9783319206004
037 _aEBOOK
040 _aCRL
040 _beng
040 _cCRL
041 _2eng
041 _aeng
084 _qCRL
100 _aTon J. Cleophas, Aeilko H. Zwinderman
_91056550
245 0 _aSPSS for Starters and 2nd Levelers
260 _bSpringer
260 _bSpringer
260 _c2016
856 _uhttps://link.springer.com/openurl?genre=book&isbn=978-3-319-20600-4
942 _cEBOOK
999 _c1622278
_d1622278